00562nam a2200193Ia 450000500170000000800410001702000210005804000190007904100120009808200130011010000210012324500930014426000420023730000120027965000210029165100250031270000210033785000100035820240102101631.0131103s9999 xx 000 0 und d a194572013cRs.30 aLoreto College aEnglish a428bSTA aStanwell, Sheila aModern Office Limited, b English for Commerce, cSheila Stanwell and Sandra Nicholls aLondonbOxford University Pressc1976 a156 p.  aEnglish Language aEnglish for Commerce aNicholls, Sandra aLCLIB